| 000 | 00935nas a2200265 4500 | ||
|---|---|---|---|
| 001 | BR2016003573 | ||
| 003 | BR-BrBNA | ||
| 005 | 20231205130536.0 | ||
| 007 | ta | ||
| 008 | 230509b bl.|||p| |||| 00| 00por d | ||
| 040 |
_aBR-BrBNA _bpor _cBiblioteca Nacional de Agricultura |
||
| 041 | _a(En) | ||
| 072 | _aU10 | ||
| 100 | 1 | _aNicodemo, M.L.F. | |
| 100 | 1 | _aMuller, M.D. | |
| 100 | 1 | _aCarpanezzi, A.A. | |
| 100 | 1 | _aPorfírio-da-Silva, V. | |
| 245 | 1 | _aAllometric models for estimating aboveground biomass and biomass allocation of capixingui trees (Croton floribundus Spreng)in an agrisilvicultural system | |
| 650 | _aMODELO MATEMÁTICO | ||
| 650 | _aBIOMASSA | ||
| 773 | 0 |
_tRevista Árvore (Brazil) _xISSN 1806-9088 _g(Mar-Apr 2016), v. 40(2) p. 279-288 _wBR2016003573 |
|
| 856 | 4 | 0 | _uhttp://www.scielo.br/pdf/rarv/v40n2/0100-6762-rarv-40-02-0279.pdf |
| 909 |
_a202311 _bLúcia _c55 _dLúcia Elande |
||
| 942 |
_2AGRIS _n0 _cANA |
||
| 999 |
_c250023 _d250023 |
||